Tình ca cho em; T2

Đã lưu trong:
書目詳細資料
格式: 圖書
語言:Undetermined
出版: H. Âm Nhạc 1998
主題:
標簽: 添加標簽
沒有標簽, 成為第一個標記此記錄!
Thư viện lưu trữ: Trung tâm Học liệu Trường Đại học Cần Thơ
LEADER 00393nam a2200157Ia 4500
001 CTU_53450
008 210402s9999 xx 000 0 und d
020 |b 7500 
082 |a 783.632 
082 |b Nh102/T2 
245 0 |a Tình ca cho em; T2 
260 |a H. 
260 |b Âm Nhạc 
260 |c 1998 
650 |a songs, vietnamese 
980 |a Trung tâm Học liệu Trường Đại học Cần Thơ